Basic market, research techniques for transit systems
-д хадгалсан:
| Үндсэн зохиолч: | |
|---|---|
| Формат: | Ном |
| Хэл сонгох: | англи |
| Хэвлэсэн: |
Austin
U.S. Department of Commerce
1978
|
| Цуврал: | PB-295, 079
|
| Нөхцлүүд: | |
| Шошгууд: |
Шошго нэмэх
Шошго байхгүй, Энэхүү баримтыг шошголох эхний хүн болох!
|
MARC
| LEADER | 00000nam a2200000 a 4500 | ||
|---|---|---|---|
| 001 | UCU6636 | ||
| 003 | CL-VaPUC | ||
| 008 | 960621e19780000us |||||||||||||||||eng|d | ||
| 082 | 0 | 4 | |a 388.049 |b HAT |2 21 |
| 100 | 0 | |a Hatfield, Nancy J |e author |9 364939 | |
| 245 | 1 | 0 | |a Basic market, research techniques for transit systems |
| 300 | |a 73 p | ||
| 942 | |c BK | ||
| 945 | |d 19960621 00:00:00 |a lriquelm | ||
| 260 | |a Austin |b U.S. Department of Commerce |c 1978 | ||
| 650 | 7 | |a TRANSPORTE |2 CL-VaPUC |9 256365 | |
| 650 | 0 | |a Tráfico |9 263653 | |
| 650 | 7 | |a ECONOMIA DEL TRANSPORTE |2 CL-VaPUC |9 357664 | |
| 650 | 0 | |a Planificación urbana |9 258176 | |
| 583 | |a last modification |c 20171219 02:29:37 |k Rodrigo Vera | ||
| 490 | 0 | |a PB-295, 079 | |
| 999 | |c 249482 |d 249480 | ||
| 952 | |0 0 |1 0 |4 0 |6 388_049000000000000_HAT_1978 |7 0 |8 A |9 266759 |a BIBING |b BIBING |d 2019-11-19 |i 1689738 |o 388.049 HAT 1978 |p 1689738 |r 2025-01-20 |w 2019-11-19 |y BK |k TRA | ||